History of film (Record no. 148147)

MARC details
000 -LEADER
fixed length control field 00359nam a2200145Ia 4500
008 - FIXED-LENGTH DATA ELEMENTS--GENERAL INFORMATION
fixed length control field 230917s9999||||xx |||||||||||||| ||und||
040 ## - CATALOGING SOURCE
-- 125325
Original cataloging agency VIVEKANANDA LIBRARY
041 ## - Language
-- English
082 ## - DDC NUMBER
Classification number 791.4309 W541H
100 ## - MAIN ENTRY--PERSONAL NAME
Personal name Wexman, Virginia Wright
245 #0 - TITLE STATEMENT
Title History of film
260 ## - PUBLICATION, DISTRIBUTION, ETC. (IMPRINT)
Place of publication, distribution, etc New Delhi
Name of publisher, distributor, etc Parson education
Date of publication, distribution, etc 2007
300 ## - PHYSICAL DESCRIPTION
Pages 494p p.
942 ## - ADDED ENTRY ELEMENTS (KOHA)
Koha item type Books
Holdings
Withdrawn status Lost status Damaged status Not for loan Location (home branch) Sublocation or collection (holding branch) Date acquired Koha issues (times borrowed) Koha full call number Accession No. Koha date last seen Koha item type
        VIVEKANANDA LIBRARY VIVEKANANDA LIBRARY 12/01/2010   791.4309 W541H 263850 17/09/2023 Books
        VIVEKANANDA LIBRARY VIVEKANANDA LIBRARY 12/01/2010   791.4309 W541H 284575 17/09/2023 Books
© Designed and Maintained by Vivekananda Library, MDU Rohtak